| 000 | 01180cam a2200313 i 4500 | ||
|---|---|---|---|
| 999 |
_c60029 _d60029 |
||
| 001 | 60029 | ||
| 003 | Mx-PuUPA | ||
| 005 | 20241029091349.0 | ||
| 008 | 140415s2011 mx a r 000 0 spa d | ||
| 020 | _a9786074873016 | ||
| 040 |
_aMX-PuUPA _bspa _erda _cMx-PuUPA _dMx-PuUPA |
||
| 041 | 0 | _aspa | |
| 100 | 1 |
_aOchoa Bilbao, Luis, _eautor _96303 |
|
| 245 | 1 | 4 |
_aLos intelectuales y la imagen de Estados Unidos en México, 1910-2010 / _cLuis Ochoa Bilbao, Gabriela Aracely Gaspar Robles. |
| 250 | _aPrimera edición | ||
| 264 | 1 |
_aMéxico : _bBenemérita Universidad Autónoma de Puebla, _c2011 |
|
| 300 |
_a120 páginas : _bilustraciones ; _c17 cm. |
||
| 336 |
_atexto _2rdacontent _btxt |
||
| 337 |
_asin medio _2rdamedia _bn |
||
| 338 |
_avolumen _2rdacarrier _bnc |
||
| 490 | 0 | _aColección Tierra Compartida | |
| 650 | 4 |
_aIntelectuales _zMéxico |
|
| 651 | 4 |
_aEstdos Unidos _xRelaciones exteriores _xOpinión pública |
|
| 651 | 4 |
_aEstados Unidos _xRelaciones _zMéxico |
|
| 651 | 4 |
_aMéxico _xRelaciones _xHistoria _zEstados Unidos |
|
| 700 | 1 |
_aGaspar Robles, Gabriela Aracely, _eautor _93753 |
|
| 942 |
_h327.73 _iO165 _cLI _2ddc |
||